Možnosti a problémy financování zdravotní péče

Financovanie zdravotnej starostlivosti z celosvetového pohľadu. Náklady na zdravotníctvo a charakter závislosti krajín OECD na objem prijatého poistného. Štruktúra štátov s najväčšími celkovými nákladmi a výpočet podielu týchto nákladov na HDP. Súkromné a sociálne zdravotné poistenie. Významná úloha...

Descripción completa

Guardado en:
Detalles Bibliográficos
Autor principal: Janata, Jiří
Formato: Capítulo de libro
Lenguaje:checo
Materias:
Etiquetas: Agregar Etiqueta
Sin Etiquetas, Sea el primero en etiquetar este registro!

MARC

LEADER 00000naa$a2200000$$$4500
001 0112522
005 20231010082344.7
041 0 |a cze 
044 |a CZ 
245 1 0 |a Možnosti a problémy financování zdravotní péče  |c Jiří Janata 
520 |a Financovanie zdravotnej starostlivosti z celosvetového pohľadu. Náklady na zdravotníctvo a charakter závislosti krajín OECD na objem prijatého poistného. Štruktúra štátov s najväčšími celkovými nákladmi a výpočet podielu týchto nákladov na HDP. Súkromné a sociálne zdravotné poistenie. Významná úloha zdravotníckeho manažmentu. 
610 2 0 |a poisťovníctvo 
610 2 0 |a poisťovne zdravotné 
610 2 0 |a poisťovne sociálne 
610 2 0 |a poistenie zdravotné 
610 2 0 |a čiastka poistná 
610 2 0 |a starostlivosť zdravotná 
100 1 |a Janata, Jiří